| 000 | 01024nam0a22002531 4500 | ||
|---|---|---|---|
| 001 | rc\2613345 | ||
| 005 | 20260408080920.0 | ||
| 035 | _a(NLR Aleph) 006777163 | ||
| 090 |
_a6005914 _c6005914 |
||
| 100 | _a20110914d1930 |||y0rusy50 ca | ||
| 101 | 0 | _arus | |
| 102 | _aRU | ||
| 105 | _ay z |||c| | ||
| 200 | 1 |
_aОсновные моменты реконструкции промышленности СССР _e(Очерки) _fПод ред. С. В. Минаева _gГос. план комиссия СССР. Экон.-стат. сектор |
|
| 210 |
_aМосква _cгос. план. хоз. изд-во "Планхозгиз" _d1930 _g10-я тип. "Заря коммунтзма" |
||
| 215 |
_a163 с. _d25х17 см. |
||
| 702 | 1 |
_aМинаев _bС.В. _4340 |
|
| 710 | 0 | 1 |
_aСССР _bГосударственная плановая комиссия _9713392 _3RU\NLR\AUTH\8810106586 |
| 801 | 0 |
_aRU _bNLR _gpsbo |
|
| 801 | 1 |
_aRU _bELAR _2rusmarc |
|
| 852 |
_aNLR _j30.5/414 |
||
| 942 | _cBOOK | ||
| 980 | _aNB | ||